Àngels i dimonis, l'eterna batalla
Descripción Física:
130 p. : il. col.; 22 cm
Materias:
Pastorets -- Cardona
MARC
| LEADER | 00000nam a2200000Ia 4500 | ||
|---|---|---|---|
| 001 | 24400 | ||
| 008 | 160829s9999 xx 000 0 cat d | ||
| 080 | |a Bib-248 | ||
| 100 | |a Morera, Cristina |9 49371 | ||
| 245 | |a Àngels i dimonis, l'eterna batalla | ||
| 260 | |a [Cardona] : |b AMPA CEIP Mare de Déu del Patrocini, DL 2004 | ||
| 300 | |a 130 p. : |b il. col.; |c 22 cm | ||
| 590 | |a Avant-títol: 10 anys de Pastorets | ||
| 650 | |a Pastorets |x Cardona |9 49372 | ||
| 700 | |a Barberà Soler, Jaume |9 49373 | ||
| 700 | |a CEIP Mare de Déu del Patrocini (Cardona) |9 49374 | ||
| 901 | |a Arxiu | ||
| 942 | |n 1 | ||
| 952 | |0 0 |1 0 |4 0 |6 BIB248 |7 1 |9 55294 |a Arxiu |b Arxiu |d 2016-12-01 |l 0 |o Bib-248 |p 24400 |r 2016-12-01 00:00:00 |w 2016-12-01 |y ARXIU | ||
| 999 | |c 59167 |d 59167 | ||